[Event "IECG WC.2009.S.00001 email"]
[Site "IECG email"]
[Date "2006.09.09"]
[Round "?"]
[White "Van Tricht, Marcel"]
[Black "Martin, Milan"]
[Result "1-0"]
[WhiteElo "2285"]
[BlackElo "2350"]
[PlyCount "93"]
[EventDate "2006.09.09"]
[EventType "tourn (corr)"]
[EventRounds "6"]
[SourceTitle "Corr 2011"]
[Source "ChessBase"]
[SourceDate "2010.08.31"]
[SourceVersion "1"]
[SourceVersionDate "2010.08.31"]
[SourceQuality "1"]

1. d4 Nf6 2. c4 c5 3. d5 e6 4. Nc3 exd5 5. cxd5 d6 6. Nf3 g6 7. Bf4 a6 8. e4 b5 9. Bd3 Bg7 10. 0-0 0-0 11. Qd2 Re8 12. Rae1 Nh5 13. Bg5 Qb6 14. Bh6 c4 15. Ne2 cxd3 16. Be3 Qc7 17. Qxd3 Bxb2 18. Qd2 Bg7 19. Bd4 Rxe4 20. Ng5 Re7 21. Ng3 Nf6 22. N3e4 Nxe4 23. Nxe4 Bxd4 24. Qxd4 Nd7 25. Rc1 Qb8 26. Rfe1 Re8 27. h4 Bb7 28. h5 Re5 29. h6 g5 30. g3 f6 31. Rc6 Bxc6 32. dxc6 Nc5 33. Nxf6+ Kf7 34. Rxe5 dxe5 35. Qxc5 Kxf6 36. c7 Qe8 37. Qd6+ Kf5 38. f3 g4 39. Qd3+ Kg5 40. Qxh7 gxf3 41. Qg7+ Kf5 42. Kf2 e4 43. Ke3 Qf8 44. Qd7+ Kg5 45. h7 Qc5+ 46. Kxe4 Qc4+ 47. Kxf3 1-0

[Event "IECG WC.2005.T.00004 email"]
[Site "IECG email"]
[Date "2004.12.15"]
[Round "?"]
[White "Martin, Milan"]
[Black "Baklanov, Valentin Petrovich"]
[Result "0-1"]
[WhiteElo "2358"]
[BlackElo "2392"]
[PlyCount "48"]
[EventDate "2004.12.15"]
[EventType "tourn (corr)"]
[EventRounds "10"]
[SourceTitle "Corr 2008"]
[Source "ChessBase"]
[SourceDate "2008.06.24"]
[SourceVersion "1"]
[SourceVersionDate "2008.06.24"]
[SourceQuality "1"]

1. e4 c5 2. c3 d5 3. exd5 Qxd5 4. d4 Nf6 5. Nf3 Bg4 6. dxc5 Qxd1+ 7. Kxd1 e5 8. b4 e4 9. h3 Bh5 10. g4 Nxg4 11. hxg4 Bxg4 12. Nbd2 exf3 13. Bd3 Nd7 14. Re1+ Be7 15. Be4 0-0-0 16. Bxb7+ Kxb7 17. Rxe7 Rhe8 18. Rxf7 Re2 19. Rxg7 h5 20. Kc2 Rxf2 21. Kb3 Re2 22. b5 Ka8 23. c6 Ne5 24. c4 Be6 0-1

[Event "IECG WC.2005.T.00004 email"]
[Site "IECG email"]
[Date "2004.12.15"]
[Round "?"]
[White "Martin, Milan"]
[Black "Bendig, Frank"]
[Result "0-1"]
[WhiteElo "2358"]
[BlackElo "2373"]
[PlyCount "46"]
[EventDate "2004.12.15"]
[EventType "tourn (corr)"]
[EventRounds "10"]
[SourceTitle "Corr 2008"]
[Source "ChessBase"]
[SourceDate "2008.06.24"]
[SourceVersion "1"]
[SourceVersionDate "2008.06.24"]
[SourceQuality "1"]

1. e4 e6 2. d4 d5 3. Nc3 Nf6 4. Bg5 dxe4 5. Nxe4 Be7 6. Bxf6 gxf6 7. Nf3 f5 8. Nc3 Bf6 9. Qd2 c5 10. d5 e5 11. Qe3 0-0 12. Qxc5 Nd7 13. Qe3 e4 14. Nd2 Bg5 15. f4 exf3 16. Qxf3 Re8+ 17. Be2 Ne5 18. Qh5 Ng4 19. 0-0-0 Nf2 20. Bb5 Re3 21. h4 Bf4 22. Bd3 Nxd1 23. Rxd1 Rg3 0-1

[Event "IECG WC.2005.T.00004 email"]
[Site "IECG email"]
[Date "2004.12.15"]
[Round "?"]
[White "Martin, Milan"]
[Black "Schindler, Sven"]
[Result "0-1"]
[WhiteElo "2358"]
[BlackElo "2271"]
[PlyCount "28"]
[EventDate "2004.12.15"]
[EventType "tourn (corr)"]
[EventRounds "10"]
[SourceTitle "Corr 2008"]
[Source "ChessBase"]
[SourceDate "2008.06.24"]
[SourceVersion "1"]
[SourceVersionDate "2008.06.24"]
[SourceQuality "1"]

1. e4 e6 2. d4 d5 3. Nc3 Nf6 4. Bg5 Bb4 5. exd5 Qxd5 6. Nf3 Ne4 7. Bd2 Bxc3 8. bxc3 b6 9. Bd3 Bb7 10. 0-0 Nxd2 11. Qxd2 Nd7 12. Rfe1 Nf6 13. a4 0-0 14. a5 c5 0-1

[Event "IECG WC.2005.T.00004 email"]
[Site "IECG email"]
[Date "2004.12.15"]
[Round "?"]
[White "Wilczek, Tadeusz"]
[Black "Martin, Milan"]
[Result "1-0"]
[WhiteElo "2497"]
[BlackElo "2358"]
[PlyCount "39"]
[EventDate "2004.12.15"]
[EventType "tourn (corr)"]
[EventRounds "10"]
[SourceTitle "Corr 2008"]
[Source "ChessBase"]
[SourceDate "2008.06.24"]
[SourceVersion "1"]
[SourceVersionDate "2008.06.24"]
[SourceQuality "1"]

1. e4 d5 2. exd5 Qxd5 3. Nc3 Qa5 4. d4 c6 5. Nf3 Nf6 6. Ne5 Bf5 7. Bd3 Bxd3 8. Qxd3 e6 9. 0-0 Nbd7 10. Qg3 h6 11. Re1 Qb6 12. Nxd7 Kxd7 13. Bf4 Rd8 14. a4 Nh5 15. a5 Qb4 16. Qf3 Nxf4 17. Qxf4 Ke8 18. a6 Bd6 19. Qf3 Bb8 20. Ra4 1-0

[Event "Regionalliga SW 0304"]
[Site "Bayern"]
[Date "2004.03.28"]
[Round "8.4"]
[White "Czap, Bernhard"]
[Black "Martin, Milan"]
[Result "1-0"]
[WhiteElo "1979"]
[BlackElo "2022"]
[PlyCount "112"]
[EventDate "2003.10.??"]
[EventType "team"]
[EventRounds "9"]
[EventCountry "GER"]
[SourceTitle "EXT 2006"]
[Source "ChessBase"]
[SourceDate "2005.11.24"]
[SourceVersion "1"]
[SourceVersionDate "2005.11.24"]
[SourceQuality "1"]
[WhiteTeam "Unterhaching"]
[BlackTeam "Muenchen 77 Nord"]
[WhiteTeamCountry "GER"]
[BlackTeamCountry "GER"]

1. d4 Nf6 2. Nc3 d5 3. Bg5 Nbd7 4. e3 h6 5. Bh4 g6 6. f4 Bg7 7. Nf3 e6 8. Ne5 c5 9. Nb5 0-0 10. c3 a6 11. Na3 cxd4 12. exd4 b5 13. Nc2 Qb6 14. Bd3 a5 15. a3 Ba6 16. 0-0 Qc7 17. Qf3 Ne4 18. Rfe1 Nxe5 19. fxe5 f5 20. exf6 Bxf6 21. Qg4 Bxh4 22. Qxh4 Qf4 23. Qxf4 Rxf4 24. g3 Rg4 25. Kg2 Rf8 26. Ne3 Rg5 27. Bxe4 dxe4 28. Rf1 Rxf1 29. Rxf1 b4 30. c4 bxa3 31. bxa3 Kg7 32. Rb1 Kf6 33. Rb6 Bc8 34. c5 Ke7 35. Rb5 a4 36. Ra5 Bd7 37. Ra7 Kd8 38. Ra8+ Kc7 39. Rh8 Kc6 40. Rxh6 e5 41. dxe5 Kxc5 42. h4 Rxe5 43. Rxg6 Be8 44. Rf6 Kd4 45. Kf2 Rb5 46. Nf5+ Ke5 47. Rf8 Rb2+ 48. Ke1 Bh5 49. Ng7 Bf3 50. h5 Rh2 51. Kf1 Kd4 52. h6 Kc3 53. Nf5 Bg4 54. Nh4 e3 55. Kg1 Rd2 56. h7 e2 1-0

[Event "IECG WC.2004.T.00003 email"]
[Site "IECG email"]
[Date "2003.08.15"]
[Round "?"]
[White "Halwick, Floyd J Jr"]
[Black "Martin, Milan"]
[Result "1/2-1/2"]
[WhiteElo "2396"]
[BlackElo "2404"]
[PlyCount "73"]
[EventDate "2003.08.15"]
[EventType "tourn (corr)"]
[EventRounds "8"]
[SourceTitle "Corr 2008"]
[Source "ChessBase"]
[SourceDate "2008.06.24"]
[SourceVersion "1"]
[SourceVersionDate "2008.06.24"]
[SourceQuality "1"]

1. e4 e6 2. d4 d5 3. Nc3 Bb4 4. e5 c5 5. a3 Bxc3+ 6. bxc3 Ne7 7. Qg4 0-0 8. Bd3 Nbc6 9. Qh5 Ng6 10. Nf3 Qc7 11. Ng5 h6 12. Nxf7 Qxf7 13. Qxg6 Qxg6 14. Bxg6 cxd4 15. cxd4 Nxd4 16. Bd3 Bd7 17. Bb2 Nc6 18. 0-0 Rac8 19. f4 Ne7 20. g4 Ba4 21. Rf2 g6 22. Bd4 b6 23. h3 Kg7 24. Kh2 Rc7 25. Rg1 Kf7 26. c3 Ke8 27. Rb1 Bd7 28. Rc1 Ba4 29. c4 Kd7 30. c5 a6 31. Be3 b5 32. Rb2 Rg8 33. Kg3 Kc6 34. Rf1 Rcc8 35. Kg2 Rcf8 36. Rbb1 Kd7 37. Kf3 1/2-1/2

[Event "IECG WC.2004.T.00003 email"]
[Site "IECG email"]
[Date "2003.08.15"]
[Round "?"]
[White "Martin, Milan"]
[Black "Sakai, Kiyotaka"]
[Result "0-1"]
[WhiteElo "2404"]
[BlackElo "2480"]
[PlyCount "170"]
[EventDate "2003.08.15"]
[EventType "tourn (corr)"]
[EventRounds "8"]
[SourceTitle "Corr 2008"]
[Source "ChessBase"]
[SourceDate "2008.06.24"]
[SourceVersion "1"]
[SourceVersionDate "2008.06.24"]
[SourceQuality "1"]

1. e4 c5 2. Nf3 Nc6 3. d4 cxd4 4. Nxd4 Nf6 5. Nc3 e5 6. Ndb5 d6 7. Bg5 a6 8. Na3 b5 9. Bxf6 gxf6 10. Nd5 f5 11. Bd3 Be6 12. 0-0 Bxd5 13. exd5 Ne7 14. c3 Bg7 15. Qh5 e4 16. Bc2 Qc8 17. Rae1 0-0 18. Bb3 a5 19. Nxb5 a4 20. Bd1 Qc5 21. Nd4 Qxd5 22. Re3 Rfb8 23. Rh3 h6 24. b3 a3 25. Bc2 Rc8 26. Rd1 Qe5 27. b4 d5 28. Bb3 Ra6 29. Rg3 Kf8 30. Ne2 f4 31. Qxe5 Bxe5 32. Rh3 Rd6 33. Kf1 Kg7 34. Ke1 Kg6 35. Rd2 f5 36. Kf1 Kg5 37. Rc2 h5 38. Rd2 Kg4 39. f3+ Kg5 40. Rd1 h4 41. Kg1 e3 42. Rd3 d4 43. cxd4 Nc6 44. g3 fxg3 45. Kg2 Rxd4 46. Nxd4 Nxd4 47. f4+ Bxf4 48. hxg3 Bxg3 49. Rxd4 e2 50. Rh1 Re8 51. b5 e1Q 52. Rxe1 Rxe1 53. b6 Re2+ 54. Kf1 Rf2+ 55. Kg1 h3 56. Rd1 f4 57. b7 f3 58. Bd5 Re2 59. Bxf3 Rxa2 60. Bd5 Rb2 61. Ra1 Kf6 62. Kh1 Ke5 63. Rd1 h2 64. Bg8 Rxb7 65. Ra1 Kd4 66. Rd1+ Kc3 67. Rf1 Kd2 68. Be6 Be5 69. Bd5 Rc7 70. Be6 Ke2 71. Rb1 Rc2 72. Bd5 Rd2 73. Bc4+ Kf2 74. Rf1+ Kg3 75. Bg8 Bd4 76. Rb1 Rg2 77. Rb3+ Kf2 78. Rxa3 Rxg8 79. Ra5 Kf3 80. Rf5+ Ke4 81. Rf7 Be5 82. Rf1 Bf4 83. Re1+ Be3 84. Re2 Rd8 85. Rg2 Bf4 0-1

[Event "IECG WC.2005.S.00008 email"]
[Site "IECG email"]
[Date "2003.05.19"]
[Round "?"]
[White "Martin, Milan"]
[Black "Van Seben, Edgar"]
[Result "1/2-1/2"]
[WhiteElo "2408"]
[BlackElo "2112"]
[PlyCount "105"]
[EventDate "2003.05.19"]
[EventType "tourn (corr)"]
[EventRounds "10"]
[SourceTitle "Corr 2008"]
[Source "ChessBase"]
[SourceDate "2008.06.24"]
[SourceVersion "1"]
[SourceVersionDate "2008.06.24"]
[SourceQuality "1"]

1. e4 Nf6 2. e5 Nd5 3. d4 d6 4. Nf3 Bg4 5. Be2 c6 6. Ng5 Bf5 7. Bg4 Qd7 8. Qf3 e6 9. Bxf5 exf5 10. 0-0 Na6 11. exd6 Bxd6 12. Re1+ Be7 13. Qh5 g6 14. Qh3 f6 15. Ne6 Ndc7 16. Nxc7+ Nxc7 17. Bh6 0-0-0 18. Nd2 Rhe8 19. c3 g5 20. Nf1 f4 21. Qxd7+ Rxd7 22. h4 c5 23. hxg5 fxg5 24. dxc5 Rg8 25. c6 bxc6 26. Nh2 Rg6 27. Ng4 Bd8 28. Rad1 Rxd1 29. Rxd1 Re6 30. Kf1 Be7 31. Re1 Rxe1+ 32. Kxe1 Ne6 33. Ke2 Nd8 34. Ne5 Bf6 35. Nd3 Kd7 36. Kf3 Ke6 37. Kg4 Nf7 38. Bf8 Bd8 39. a4 Bb6 40. c4 Kf6 41. b4 Kg6 42. c5 Bc7 43. b5 h5+ 44. Kf3 g4+ 45. Ke2 cxb5 46. axb5 Ng5 47. c6 h4 48. Kf1 Ne4 49. Bb4 h3 50. gxh3 gxh3 51. f3 Ng3+ 52. Kg1 Ne2+ 53. Kh2 1/2-1/2

[Event "Regionalliga SW 0102"]
[Site "Bayern"]
[Date "2002.03.17"]
[Round "7.4"]
[White "Martin, Milan"]
[Black "Engl, Heinz"]
[Result "1-0"]
[WhiteElo "2015"]
[BlackElo "2030"]
[PlyCount "123"]
[EventDate "2001.10.07"]
[EventType "team"]
[EventRounds "9"]
[EventCountry "GER"]
[SourceTitle "EXT 2003"]
[Source "ChessBase"]
[SourceDate "2002.11.25"]
[SourceVersion "1"]
[SourceVersionDate "2002.11.25"]
[SourceQuality "1"]
[WhiteTeam "Muenchen 77"]
[BlackTeam "Muenchen Suedost"]
[WhiteTeamCountry "GER"]
[BlackTeamCountry "GER"]

1. e4 c5 2. Nf3 d6 3. c3 Nf6 4. h3 g6 5. Bd3 Bg7 6. Bc2 0-0 7. d4 cxd4 8. cxd4 Nc6 9. Nc3 a6 10. 0-0 b5 11. a3 Bb7 12. Qe2 Rc8 13. Rd1 Qc7 14. e5 dxe5 15. dxe5 Nh5 16. Nd5 Qb8 17. Nb6 Nxe5 18. Nxe5 Bxe5 19. Nxc8 Rxc8 20. Be4 Bxe4 21. Qxe4 Nf6 22. Qe2 e6 23. Be3 Nd5 24. Bd4 Bxd4 25. Rxd4 Qb6 26. Rdd1 Qb7 27. Qe4 Rc4 28. Rd4 Rc5 29. Rad1 Qc7 30. g3 Rc2 31. Re1 Qc8 32. Qe5 Rc5 33. h4 h6 34. Rd2 Kh7 35. Qe4 Kg8 36. Rde2 Rc4 37. Qd3 Rc5 38. Rd1 Qc6 39. Kh2 Qc7 40. Rdd2 Kh7 41. Rc2 Rc4 42. Rxc4 bxc4 43. Qd4 Nb6 44. Rc2 Qb7 45. Qc5 Qe4 46. Rd2 Nd5 47. Qd4 Qe1 48. Rc2 c3 49. bxc3 Qa1 50. Qa7 Kg7 51. c4 Qd1 52. cxd5 Qxc2 53. dxe6 Qf5 54. e7 Qc8 55. Qe3 Qe8 56. Qe5+ f6 57. Qe6 g5 58. Kh3 h5 59. hxg5 fxg5 60. f4 Qa8 61. e8N+ Kf8 62. Qf6+ 1-0

[Event "IECG WC.2001.F.00001 email"]
[Site "IECG email"]
[Date "2001.12.15"]
[Round "?"]
[White "Martin, Milan"]
[Black "Barnsley, Anthony R"]
[Result "1/2-1/2"]
[WhiteElo "2455"]
[BlackElo "2449"]
[PlyCount "52"]
[EventDate "2001.12.15"]
[EventType "tourn (corr)"]
[EventRounds "14"]
[SourceTitle "Corr 2008"]
[Source "ChessBase"]
[SourceDate "2008.06.24"]
[SourceVersion "1"]
[SourceVersionDate "2008.06.24"]
[SourceQuality "1"]

1. e4 c5 2. Nf3 d6 3. d4 cxd4 4. Nxd4 Nf6 5. Nc3 a6 6. Bc4 e6 7. Bb3 Nbd7 8. f4 Nc5 9. e5 Nfd7 10. exd6 Nf6 11. Be3 Bxd6 12. Qf3 0-0 13. 0-0 Bd7 14. Rad1 Qc7 15. Bc4 Rad8 16. Be2 Rfe8 17. Kh1 Na4 18. Nxa4 Bxa4 19. Rd2 Nd5 20. c3 Bd7 21. Bd3 Bxf4 22. Bxf4 Nxf4 23. Qxf4 Qxf4 24. Rxf4 e5 25. Rf1 exd4 26. cxd4 Be6 1/2-1/2

[Event "IECG WC.2001.F.00001 email"]
[Site "IECG email"]
[Date "2001.12.15"]
[Round "?"]
[White "Martin, Milan"]
[Black "Polaczek, Richard"]
[Result "0-1"]
[WhiteElo "2455"]
[BlackElo "2454"]
[PlyCount "94"]
[EventDate "2001.12.15"]
[EventType "tourn (corr)"]
[EventRounds "14"]
[SourceTitle "Corr 2008"]
[Source "ChessBase"]
[SourceDate "2008.06.24"]
[SourceVersion "1"]
[SourceVersionDate "2008.06.24"]
[SourceQuality "1"]

1. e4 c5 2. Nf3 d6 3. d4 cxd4 4. Nxd4 Nf6 5. Nc3 a6 6. Be3 e5 7. Nf3 Be7 8. Bc4 0-0 9. Qe2 Be6 10. 0-0 b5 11. Bb3 h6 12. Rfd1 Nbd7 13. h3 Rc8 14. Qd3 b4 15. Na4 Bxb3 16. cxb3 d5 17. exd5 e4 18. Qxa6 exf3 19. d6 fxg2 20. Qb7 Re8 21. dxe7 Qxe7 22. Rd4 Rb8 23. Qxg2 Kh7 24. Kh1 Ne5 25. Rg1 Ng6 26. Rc4 Nd7 27. Nc5 Nde5 28. Rcc1 Qf6 29. Ne4 Qe6 30. Nd2 Ra8 31. Ra1 Ra5 32. Kh2 Qf5 33. a4 Rd5 34. Kh1 Rxd2 35. Bxd2 Nf3 36. Be3 Nfh4 37. Qg4 Qd5+ 38. Kh2 Nf3+ 39. Kh1 Nfh4+ 40. Kh2 Nf3+ 41. Kh1 Nxg1+ 42. Kxg1 f5 43. Rd1 Qxb3 44. Qh5 f4 45. Rd6 Qc2 46. Bd2 Qb1+ 47. Kh2 Re5 0-1

[Event "IECG QM.2001.0.00039"]
[Site "IECG email"]
[Date "2001.11.16"]
[Round "?"]
[White "Kund, Wolfgang"]
[Black "Martin, Milan"]
[Result "0-1"]
[WhiteElo "2271"]
[BlackElo "2454"]
[PlyCount "64"]
[EventDate "2001.11.16"]
[EventType "tourn (corr)"]
[EventRounds "6"]
[SourceTitle "Corr 2024"]
[Source "ChessBase"]
[SourceDate "2023.10.19"]
[SourceVersion "1"]
[SourceVersionDate "2023.10.19"]
[SourceQuality "1"]

1. c4 e5 2. Nc3 Nc6 3. Nf3 f5 4. d4 e4 5. Ng5 h6 6. Nh3 g5 7. Ng1 Bg7 8. e3 Nf6 9. h4 g4 10. Nge2 d6 11. Nf4 Kf7 12. Qb3 Ne7 13. Bd2 c5 14. dxc5 dxc5 15. Ncd5 Nexd5 16. cxd5 Qd6 17. Rd1 b6 18. Bc3 Nd7 19. Bc4 Bxc3+ 20. Qxc3 Ne5 21. Bb3 Ba6 22. Nh5 Rhe8 23. Rd2 Bd3 24. Nf4 b5 25. a3 a5 26. Ba2 b4 27. Qc1 c4 28. h5 Rec8 29. Rd1 c3 30. bxc3 bxc3 31. Qa1 Rab8 32. Rc1 Rb2 0-1